000
00254nam a2200097Ia 4500
008
220204s9999 xx 000 0 und d
082
_a
NR:047 '1985'
_b
ANR.11
245
0
_a
Report of the eleventh assembly of the ANRPC
260
_a
ANRPC
_c
1985
942
_c
BK
999
_c
43521
_d
43521